[Event "Peterborough 4NCL Easter U1700 op"]
[Site "Peterborough"]
[Date "2024.03.31"]
[Round "5"]
[White "Kilambi, Aahna"]
[Black "Gibbs, John"]
[Result "0-1"]
[WhiteElo "1571"]
[BlackElo "1699"]
[PlyCount "76"]
[EventDate "2024.03.29"]
[EventType "swiss"]
[EventRounds "7"]
[EventCountry "ENG"]
[SourceTitle "CB14_2024"]
[SourceDate "2024.04.01"]
[SourceVersion "1"]
[SourceVersionDate "2024.04.01"]
[SourceQuality "1"]

1. c4 f5 2. Nc3 Nf6 3. g3 e6 4. Bg2 Be7 5. e3 0-0 6. Nge2 d6 7. d4 Nbd7 8. 0-0 Qe8 9. Qd2 e5 10. b3 Qh5 11. f3 Rf7 12. Bb2 Qh6 13. dxe5 dxe5 14. f4 e4 15. Nd4 Nc5 16. Ndb5 Bf8 17. Ba3 a6 18. Nd4 Nd3 19. Bxf8 Rxf8 20. Nce2 Rd8 21. Nc1 c5 22. Nxd3 cxd4 23. Ne5 d3 24. Qb4 Nd7 25. Qe7 Qf6 26. Qxf6 Nxf6 27. Bh3 g6 28. c5 Nd7 29. Nxd7 Bxd7 30. b4 d2 31. a4 Bxa4 32. Rxa4 d1Q 33. Rxd1 Rxd1+ 34. Bf1 Rad8 35. Kf2 R8d2+ 36. Be2 Rh1 37. Kg2 Re1 38. Kf2 Rdxe2# 0-1